水産業の生産量が多い国 - Statistics

General Stats
  • This quiz has been taken 139 times
  • The average score is 25 of 30
Answer Stats
総生産量 養殖量 % Correct
中国 8860万 7540万
99%
アメリカ合衆国 470万 478.8K
99%
日本 390万 942.6K
99%
インド 1580万 1020万
98%
ロシア 530万 348.2K
98%
ブラジル 150万 738.9K
97%
インドネシア 2200万 1460万
96%
カナダ 87万 166.5K
95%
イギリス 86万 230.3K
95%
ノルウェー 430万 160万
94%
チリ 420万 150万
92%
フィリピン 410万 230万
90%
韓国 370万 240万
90%
ベトナム 880万 520万
89%
タイ 240万 100万
89%
メキシコ 200万 289.6K
89%
マレーシア 190万 574.2K
88%
スペイン 110万 276.1K
87%
アルゼンチン 85万 6K
86%
ペルー 550万 140.9K
79%
モロッコ 160万 2.3K
77%
エジプト 200万 160万
71%
ミャンマー 310万 120万
67%
バングラデシュ 480万 270万
61%
イラン 130万 478.7K
58%
ナイジェリア 100万 259.1K
58%
北朝鮮 89万 680.6K
56%
カンボジア 86万 330.6K
56%
アイスランド 150万 51.4K
55%
エクアドル 180万 110万
52%
No matching quizzes found
Score Distribution
Percent of People with Each Score
Percentile by Number Answered
Your Score History
You have not taken this quiz